000 00355nam a22001217a 4500
999 _c583
_d583
005 20200815145124.0
008 200815b ||||| |||| 00| 0 eng d
020 _a318681
040 _cCML
245 _aPolitical Mobilization.
_cNettl, J.P.
260 _aGreat Britain
_bFaber and Faber Ltd.
_c1967
942 _2ddc
_cBK
_e1st Edition
_h320
_mNET